Stemmi Squadre di calcio dal dettaglio - Europa - Quiz n°12 - Statistics

Statistiche generali
  • Questo quiz è stato fatto 15 volte
  • Il punteggio medio è 9 su 10
Statistiche sulle risposte
con Immagini Risposta % Corretto
APOEL
100%
Hellas Verona
100%
Modena
100%
Levante
93%
Utrecht
93%
Venezia
93%
Darmstadt
79%
İstanbul Başakşehir
71%
Maccabi Haifa
71%
Sochaux
64%
Nessun quiz corrispondente trovato
Distribuzione punteggi
Percentuale di utenti per punteggio
Percentile per numero di risposta
I tuoi punteggi nel tempo
Non hai fatto questo quiz